000 00634nam a2200205Ia 4500
005 20250508170019.0
008 008 250505s9999 xx 000 0 eng d
020 _a978-1-138-35501-9
037 _aReference
040 _aFEDL
_beng
_cFEDL
041 _aeng
_2eng
084 _a001.42, WIL/RR
_qFEDL
100 _aWills Jerry W
_9782712
245 0 _aFoundations of Qualitative Research: Interpretive and Critical Approaches
260 _aNew Delhi, India
_bSage Publications India Pvt Ltd
_c2007
300 _a366p.
546 _aOnline Printout
942 _cREF
_h001.42, WIL/RR
999 _c1398688
_d1398688